World Map - Puzzle Game - Statistics

General Stats
  • This quiz has been taken 142,681 times
    142,591 since last reset
  • The average score is 32 of 75
Answers on the Map
Answers color-coded by a green-red scale on the quiz's map according to % correct below.
 
Answer Stats
Answer % Correct
68%
64%
59%
56%
54%
54%
54%
54%
53%
53%
53%
53%
52%
51%
51%
51%
50%
50%
50%
49%
48%
48%
48%
47%
47%
47%
46%
46%
46%
46%
44%
43%
43%
42%
42%
41%
40%
40%
40%
40%
40%
39%
39%
39%
39%
39%
39%
39%
39%
38%
38%
38%
38%
38%
38%
37%
37%
36%
36%
36%
36%
36%
36%
35%
35%
34%
34%
33%
32%
31%
31%
30%
30%
29%
26%
No matching quizzes found
Score Distribution
Percent of People with Each Score
Percentile by Number Answered
Your Score History
You have not taken this quiz since the last reset